000 01481nam a2200349 a 4500
001 ebr10233027
003 CaPaEBR
006 m u
007 cr cn|||||||||
008 070719s2007 enka sb 001 0 eng
010 _z 2007029987
020 _z9780470725702 (pbk.)
020 _z0470725702 (pbk.)
040 _aCaPaEBR
_cCaPaEBR
035 _a(OCoLC)608622774
050 1 4 _aTK6570.M6
_bB33 2007eb
082 0 4 _a621.3845/6
_222
100 1 _aBabin, Steve.
245 1 0 _aDeveloping software for Symbian OS
_h[electronic resource] :
_ba beginner's guide to creating Symbian OS v9 smartphone applications in C++ /
_cSteve Babin ; reviewed by Antony Pranata ... [et al.].
250 _a2nd ed.
260 _aChichester, England ;
_aHoboken, NJ :
_bJohn Wiley & Sons,
_cc2007.
300 _axxi, 438 p. :
_bill.
504 _aIncludes bibliographical references (p. [413]-414) and index.
533 _aElectronic reproduction.
_bPalo Alto, Calif. :
_cebrary,
_d2013.
_nAvailable via World Wide Web.
_nAccess may be limited to ebrary affiliated libraries.
630 0 0 _aSymbian OS (Computer file)
650 0 _aMobile communication systems
_xComputer programs.
650 0 _aOperating systems (Computers)
650 0 _aC++ (Computer program language)
655 7 _aElectronic books.
_2local
710 2 _aebrary, Inc.
856 4 0 _uhttp://site.ebrary.com/lib/rucke/Doc?id=10233027
_zAn electronic book accessible through the World Wide Web; click to view
999 _c152235
_d152235